000 00703nam a2200229 a 4500
001 43961
003 BD-RjUL
005 20211209053757.0
008 160629s1977 bg a f000 0 eng
020 _cTk27.80 (v. 1)
035 _a(BD-RjUL)44079
040 _aDLC
_cDLC
_dDLC
_dBD-RjUL
_beng
041 _aeng
082 0 0 _a343.5492052
_223
_bBAI 1977
110 1 _aBangladesh.
_bNational Board of Revenue.
_9135044
245 1 4 _aIncome-tax manual /
_cGovernment of the People's Republic of Bangladesh, National Board of Revenue.
260 _c1977
300 _aviii, 416 p. :
_bill. ;
_c25 cm.
650 0 _aIncome tax
_xLaw and legislation
_zBangladesh.
_9135045
942 _2ddc
_cBK
999 _c43961
_d43961